|
|
|
|
| LEADER |
01415nam a2200373Ia 4500 |
| 001 |
EBC988742 |
| 003 |
MiAaPQ |
| 005 |
20200520144314.0 |
| 006 |
m o d | |
| 007 |
cr cn||||||||| |
| 008 |
120514t20122013flua sb 001 0 eng d |
| 010 |
|
|
|z 2012017887
|
| 020 |
|
|
|z 9781439892275 (alk. paper)
|
| 020 |
|
|
|z 9781439892282
|
| 035 |
|
|
|a (MiAaPQ)EBC988742
|
| 035 |
|
|
|a (Au-PeEL)EBL988742
|
| 035 |
|
|
|a (CaPaEBR)ebr10587669
|
| 035 |
|
|
|a (CaONFJC)MIL530492
|
| 035 |
|
|
|a (OCoLC)804661346
|
| 040 |
|
|
|a MiAaPQ
|c MiAaPQ
|d MiAaPQ
|
| 050 |
|
4 |
|a HV8291.A78
|b C83 2012
|
| 082 |
0 |
4 |
|a 658.4/7095
|2 23
|
| 100 |
1 |
|
|a Cubbage, Chris.
|
| 245 |
1 |
0 |
|a Corporate security in the Asia-Pacific Region
|h [electronic resource] :
|b crisis, crime, fraud & misconduct /
|c Chris Cubbage, David Brooks.
|
| 260 |
|
|
|a Boca Raton, FL :
|b CRC Press,
|c 2012, c2013.
|
| 300 |
|
|
|a xvii, 217 p. :
|b ill.
|
| 504 |
|
|
|a Includes bibliographical references and index.
|
| 533 |
|
|
|a Electronic reproduction. Ann Arbor, MI : ProQuest, 2015. Available via World Wide Web. Access may be limited to ProQuest affiliated libraries.
|
| 650 |
|
0 |
|a Corporations
|x Security measures
|z Asia.
|
| 650 |
|
0 |
|a Corporations
|x Security measures
|z Pacific Area.
|
| 655 |
|
4 |
|a Electronic books.
|
| 700 |
1 |
|
|a Brooks, David.
|
| 710 |
2 |
|
|a ProQuest (Firm)
|
| 856 |
4 |
0 |
|u https://ebookcentral.proquest.com/lib/matrademy/detail.action?docID=988742
|z Click to View
|